Managerial Economics: A problem solving approach / (Record no. 994)

000 -LEADER
fixed length control field 00860nam a22002177a 4500
003 - CONTROL NUMBER IDENTIFIER
control field OSt
005 - DATE AND TIME OF LATEST TRANSACTION
control field 20140116120843.0
008 - FIXED-LENGTH DATA ELEMENTS--GENERAL INFORMATION
fixed length control field 120912b xxu||||| |||| 00| 0 eng d
020 ## - INTERNATIONAL STANDARD BOOK NUMBER
International Standard Book Number 9781439081235
040 ## - CATALOGING SOURCE
Original cataloging agency LoC
050 ## - LIBRARY OF CONGRESS CALL NUMBER
Classification number HD30.22.F76 2010
100 ## - MAIN ENTRY--PERSONAL NAME
Personal name Froeb, L
245 ## - TITLE STATEMENT
Title Managerial Economics: A problem solving approach /
Statement of responsibility, etc Luke froeb and Brian McCann
250 ## - EDITION STATEMENT
Edition statement 2nd ed.
260 ## - PUBLICATION, DISTRIBUTION, ETC. (IMPRINT)
Place of publication, distribution, etc Australia
Name of publisher, distributor, etc South- Western Cengage Learning
Date of publication, distribution, etc 2010
300 ## - PHYSICAL DESCRIPTION
Extent xiii, 329p.
Other physical details ill.; tables
501 ## - WITH NOTE
With note includes index and glossary
505 ## - FORMATTED CONTENTS NOTE
Formatted contents note Section 1: Problem solving and decision making--- Section II: pricing, costs and profits---Section III: Pricing for greater profit----Section IV: strategic decision making----Section V: Uncertainty---Section VI: Organizational design---Section VII: wrapping up
700 ## - ADDED ENTRY--PERSONAL NAME
Personal name McCann, Brian
942 ## - ADDED ENTRY ELEMENTS (KOHA)
Source of classification or shelving scheme
Koha item type Book
Holdings
Withdrawn status Lost status Source of classification or shelving scheme Damaged status Not for loan Home library Current library Date acquired Total Checkouts Full call number Barcode Date last seen Copy number Price effective from Koha item type Total Renewals Date checked out
          Riara University Library Riara University Library 12/09/2012   HD30.22.F76 2010 1845/11 12/09/2012 C.1 12/09/2012 Book    
          Riara University Library Riara University Library 12/09/2012   HD30.22.F76 2010 1844/11 12/09/2012 C.2 12/09/2012 Book    
          Riara University Library Riara University Library 12/09/2012   HD30.22.F76 2010 1843/11 12/09/2012 C.3 12/09/2012 Book    
          Riara University Library Riara University Library 12/09/2012   HD30.22.F76 2010 2113/11 12/09/2012 C.4 12/09/2012 Book    
          Riara University Library Riara University Library 12/09/2012 1 HD30.22.F76 2010 2114/11 05/04/2022 C.5 12/09/2012 Book 1 22/02/2022
          Riara University Library Riara University Library 12/09/2012 1 HD30.22.F76 2010 2115/11 30/04/2013 C.6 12/09/2012 Book   30/04/2013

Riara University Library,
P.O. Box 49940-00100,
Nairobi, Kenya.